Plant biology / (رقم التسجيلة. 32383)

تفاصيل مارك
000 -الفاتح
حقل البيانات ثابتة الطول 01511cam a22003494a 4500
001 - رقم الضبط
رقم الضبط 15684803
003 - محدد رقم الضبط
رقم الضبط OSt
005 - وقت وتاريخ اخر تعامل مع التسجيلة
رقم الضبط 20150408114155.0
008 - عناصر البيانات ثابتة الطول - معلومات عامة
حقل البيانات ثابتة الطول 090402s2010 nyuab b 001 0 eng
010 ## - رقم ضبط مكتبة الكونجرس
رقم ضبط مكتبة الكونجرس 2009013147
020 ## - الرقم الدولى المعيارى للكتب
الرقم الدولى المعيارى للكتاب 9780815340256
020 ## - الرقم الدولى المعيارى للكتب
الرقم الدولى المعيارى للكتاب 0815340257
035 ## - رقم ضبط النظام
رقم ضبط النظام (OCoLC)ocn230776057
040 ## - مصدر الفهرسة
وكالة الفهرسة الأصلية DNAL/DLC
وكالة النسخ DLC
وكالة التعديل YDXCP
-- BAKER
-- C#P
-- BWX
-- CDX
-- UBY
-- DLC
042 ## - رمز التحقق
رمز التحقق pcc
050 00 - رقم طلب مكتبة الكونجرس
رقم التصنيف QK45.2
رقم المادة .P575 2010
082 00 - رقم تصنيف ديوى العشرى
رقم التصنيف 580
رقم الطبعة 22
رقم المادة PLB
245 00 - بيان العنوان
العنوان Plant biology /
بيان المسئوليه,etc Alison M. Smith ... [et al.].
260 ## - PUBLICATION, DISTRIBUTION, ETC. (IMPRINT)
مكان الناشر او الموزع New York, NY :
اسم الناشر او الموزع Garland Science,
تاريخ النشر أو التوزيع c2010.
300 ## - الوصف المادى
التعداد xv, 664 p. :
تفاصيل ماديه اخرى للوعاء ill. (chiefly col.), col. maps ;
أبعاد الوعاء 28 cm.
504 ## - تبصرة ببليوجرافية
تبصرة ببليوجرافية,الخ Includes bibliographical references and index.
505 0# - تبصرة محتويات-الفهرس
تبصرة المحتويات المصاغة Origins -- Genomes -- Cells -- Metabolism -- Development -- Environmental signals -- Environmental stress -- Interactions with other organisms -- Domestication and agriculture.
650 #0 - المدخل الاضافى بالموضوع-مصطلح موضوعى
مصطلح موضوعي أو اسم جغرافي كعنصر مدخل Botany.
650 #0 - المدخل الاضافى بالموضوع-مصطلح موضوعى
مصطلح موضوعي أو اسم جغرافي كعنصر مدخل Plants
التقسيم الفرعي العام Development.
9 (RLIN) 40568
650 #0 - المدخل الاضافى بالموضوع-مصطلح موضوعى
مصطلح موضوعي أو اسم جغرافي كعنصر مدخل Plants
التقسيم الفرعي العام Effect of stress on.
9 (RLIN) 17329
650 #0 - المدخل الاضافى بالموضوع-مصطلح موضوعى
مصطلح موضوعي أو اسم جغرافي كعنصر مدخل Crops.
9 (RLIN) 10382
700 1# - المدخل الاضافى - اسم شخصى
الإسم الشخصى Smith, Alison M.
الشكل الأكمل للاسم (Alison Mary),
التواريخ المصاحبة للاسم 1954-
9 (RLIN) 40569
856 42 - الوصول و الموقع الالكترونى
مواد محددة Contributor biographical information
معرف المصدر الموحد <a href="http://www.loc.gov/catdir/enhancements/fy1013/2009013147-b.html">http://www.loc.gov/catdir/enhancements/fy1013/2009013147-b.html</a>
906 ## - عنصر بيانات محلى F, LDF (RLIN)
a 7
b cbc
c orignew
d 1
e ecip
f 20
g y-gencatlg
942 ## - عناصر المدخل الإضافي( كوها)
مصدر التصنيف او مخطط الترفيف Dewey Decimal Classification
Koha [default] item type DVD
المقتنيات
حالة الفقد نموذج السعر الفعال حالة تلف ليس للاعارة رقم الطلب تاريخ الاكتساب الموقع الحالي الفرع الرئيسي Date last seen نوع المادة فى نظام كوها مصدر التصنيف او خطة الترفيف Total Checkouts
  2013-11-18     580 PLB 2013-11-18 المكتبة المركزية بالمجمعة (CL) المكتبة المركزية بالمجمعة (CL) 2013-11-18 كتاب Dewey Decimal Classification